Detalles MARC
| 000 -LÍDER |
| Campo fijo de descripción fija |
02132nam a2200325 i 4500 |
| 001 - NÚMERO DE CONTROL |
| Campo de control |
768714001 |
| 003 - IDENTIFICADOR DEL NÚMERO DE CONTROL |
| Campo de control |
CO-MdFUSB |
| 005 - FECHA Y HORA DE LA ULTIMA TRANSACCIÓN |
| control field |
20210415122949.0 |
| 007 - CAMPO FIJO DE DESCRIPCIÓN FIJA--INFORMACIÓN GENERAL |
| Campo fijo de descripción fija |
ta |
| 008 - ELEMENTOS DE LONGITUD FIJA -- INFORMACIÓN GENERAL |
| Campo fijo de descripción fija -- Información general |
200624t1975 us |||| |||| 00| 0 spa d |
| 020 ## - NÚMERO INTERNACIONAL NORMALIZADO PARA LIBROS |
| Número Internacional Normalizado del libro |
0881132802 |
| 040 ## - FUENTE DE CATALOGACIÓN |
| Agencia de catalogación original |
CO-MdFUSB |
| Idioma de catalogación |
spa |
| Agencia que realiza la transcripción |
CO-MdFUSB |
| Agencia que realiza la modificación |
CO-MdFUSBC |
| Convenciones de la descripción |
rda |
| 041 ## - CÓDIGO DE IDIOMA |
| Código de idioma para texto/pista de sonido o título separado |
spa |
| Código de idioma original |
eng |
| 082 ## - NÚMERO DE CLASIFICACIÓN DECIMAL DEWEY |
| Número de la edición del Dewey |
23 |
| Número de clasificación |
248.4 |
| Clave de autor-Numero de item |
AL425 |
| 100 ## - ASIENTO PRINCIPAL--NOMBRE PERSONAL |
| Nombre personal |
Allen, Charles Livingstone |
| Fechas asociadas con el nombre |
1913-2005 |
| Término relacionador |
autor |
| 240 ## - TITULO UNIFORME |
| Título uniforme |
<a href="God's phychiatry">God's phychiatry</a> |
| 245 #3 - TÍTULO |
| Título del Material |
La siquiatria de Dios |
| Mención de responsabilidad, etc. |
/ Charles L. Allen |
| 264 #1 - PRODUCCIÓN, PUBLICACIÓN, DISTRIBUCIÓN, MANUFACTURA, Y COPYRIGHT |
| Lugar de producción, publicación, distribución, manufactura |
Estados Unidos : |
| Nombre del productor, publicador, distribuidor |
Betania, |
| Fecha de producción, publicación, distribución, manufactura, o copyright |
[1975] |
| 264 #4 - PRODUCCIÓN, PUBLICACIÓN, DISTRIBUCIÓN, MANUFACTURA, Y COPYRIGHT |
| Fecha de producción, publicación, distribución, manufactura, o copyright |
©1975 |
| 300 ## - DESCRIPCIÓN FÍSICA |
| Dimensiones |
172 páginas ; |
| Extensión |
18 cm |
| 336 ## - TIPO DE CONTENIDO |
| Fuente |
rdacontent |
| Término de tipo de contenido |
texto |
| Código de tipo de contenido |
txt |
| 337 ## - TIPO DE MEDIO |
| Fuente |
rdamedia |
| Nombre del tipo de medio |
sin mediación |
| Código del tipo de medio |
n |
| 338 ## - TIPO DE SOPORTE |
| Fuente |
rdacarrier |
| Nombre del tipo de soporte |
volumen |
| Código Tipo de soporte |
nc |
| 505 ## - NOTA DE CONTENIDO |
| Nota de contenido con formato preestablecido |
Cómo pensar acerca de Dios: El Salmo 23. -- Los preceptos de Dios para la vida: Los diez mandamientos. -- Cómo hablar con Dios. -- Las llaves del reino. |
| 520 ## - NOTA DE RESUMEN, ETC. |
| Nota de sumario, etc. |
Formulas seguras para conseguir y mantener la salud mental y espiritual. Un libro de remedios eficaces comprobados para la enfermedades del alma y del espíritu. Así como una prescripción puede ser prepara en las farmacias, también estas "recetas" pueden ser llevadas a la farmacia divina , que siempre está abierta para nosotros. Dios, que es "médico" e igualmente, "farmacólogo", nos invita a ir a El; la consulta es gratis. El tratamiento, por lo general, es muy semejante a lo que muchas psiquíatras recomiendan hoy en día: un retorno a la fe. Las recetas para los problemas específicos vienen a nosotros a través de una lectura cuidadosa, hecha con meditación y en un espíritu de oración sobre los siguientes pasajes: Salmo 23. Los Diez Mandamientos, El Padrenuestro y Las Bienaventuranzas. ¿Le parece demasiado sencillo? Así es - tan fácil como tomar un antibiótico para la gripe o una aspirina para el dolor de cabeza. Es un libro de lectura ampliamente compensadora, que ayudará al lector a comprender mejor sus experiencias cristianas y vivir una vida más saludable y feliz. |
| 563 ## - NOTA DE ENCUADERNACIÓN |
| Nota de encuadernación |
Rústico |
| 650 #0 - ASIENTO SECUNDARIO DE MATERIA - TERMINO TEMÁTICO |
| 9 (RLIN) |
19 |
| Término temático o nombre geográfico como elemento de entrada |
Vida cristiana |
| 942 ## - TIPO DE MATERIAL (KOHA) |
| Tipo de Item KOHA |
Libros General |
| 945 ## - INFORMACIÓN LOCAL DEL REGISTRO |
| Catalogador |
Dani |